<The> revolt of the elites and the betrayal of democracy

Enregistré dans:
Détails bibliographiques
Auteur principal: Lasch, Christopher
Format: Livre
Langue:anglais
Publié: New York W.W. Norton & Company 1995
Sujets:
Tags: Ajouter un tag
Pas de tags, Soyez le premier à ajouter un tag!

MARC

LEADER 00000nam a2200000 4500
001 c105024
005 20221123112748.2
020 |a 0-393-03699-5 
041 0 |a eng 
044 |a US 
245 1 0 |a <The> revolt of the elites and the betrayal of democracy  |c Christopher Lasch 
264 1 |a New York  |b W.W. Norton & Company  |c 1995 
300 |a 276 s. 
610 2 0 |a demokracia 
610 2 0 |a spoločnosť 
610 2 0 |a vývoj systémov 
610 2 0 |a kultúra 
610 2 0 |a problémy spoločenské 
610 2 0 |a potreby sociálne 
610 2 0 |a Amerika 
100 1 |a Lasch, Christopher